[Event "European Online Club-ch-F 2021"]
[Site "Online"]
[Date "2021.03.27"]
[Round "8.5"]
[White "Maghsoodloo, Parham"]
[Black "Isik, Alparslan"]
[Result "1-0"]
[WhiteElo "2676"]
[BlackElo "2321"]
[Annotator "ChessBase"]
[PlyCount "67"]
[EventDate "2021.03.27"]
[EventType "team-tourn"]
[EventCountry "NET"]
[SourceTitle "playchess.com"]
[Source "ChessBase"]
[SourceQuality "1"]
[TimeControl "900+5"]

1. d4 {[%emt 0:00:00]} Nf6 {[%emt 0:00:03]} 2. c4 {[%emt 0:00:02]} g6 {[%emt 0:00:03]} 3. Nc3 {[%emt 0:00:02]} d5 {[%emt 0:00:01]} 4. cxd5 {[%emt 0:00:23]} Nxd5 {[%emt 0:00:03]} 5. Bd2 {[%emt 0:00:02]} Bg7 {[%emt 0:00:07]} 6. e4 {[%emt 0:00:01]} Nxc3 {[%emt 0:00:10]} 7. Bxc3 {[%emt 0:00:02]} O-O {[%emt 0:00:49]} 8. Bc4 {[%emt 0:00:06]} c5 {[%emt 0:00:33]} 9. d5 {[%emt 0:00:01]} Bxc3+ {[%emt 0:00:30]} 10. bxc3 {[%emt 0:00:03]} e6 {[%emt 0:00:02]} 11. dxe6 {[%emt 0:01:07]} Bxe6 {[%emt 0:00:11]} 12. Bxe6 {[%emt 0:00:03]} fxe6 {[%emt 0:00:29]} 13. Qb3 {[%emt 0:00:04]} Qf6 {[%emt 0:00:36]} 14. Nf3 {[%emt 0:00:03]} Nc6 {[%emt 0:00:03]} 15. O-O {[%emt 0:00:02]} b6 {[%emt 0:00:05]} 16. h4 {[%emt 0:00:15]} h6 {[%emt 0:00:10]} 17. Rad1 {[%emt 0:00:26]} Rad8 {[%emt 0:00:04]} 18. Rxd8 {[%emt 0:00:08]} Rxd8 {[%emt 0:00:04]} 19. Qa4 {[%emt 0:00:02]} Na5 {[%emt 0:00:54]} 20. Rd1 {[%emt 0:00:12]} Rxd1+ {[%emt 0:00:27]} 21. Qxd1 {[%emt 0:00:03]} Qxc3 {[%emt 0:00:02]} 22. Qd8+ {[%emt 0:00:02]} Kh7 {[%emt 0:00:02]} 23. Qe7+ {[%emt 0:00:02]} Qg7 {[%emt 0:00:03]} 24. Qxe6 {[%emt 0:00:01]} c4 {[%emt 0:00:13]} 25. e5 {[%emt 0:00:02]} Qc7 {[%emt 0:01:14]} 26. h5 {[%emt 0:00:18]} gxh5 {[%emt 0:00:03]} 27. Qf5+ {[%emt 0:00:03]} Kg7 {[%emt 0:00:22]} 28. Qf6+ {[%emt 0:00:24]} Kh7 {[%emt 0:00:21]} 29. e6 {[%emt 0:00:44]} Qg7 {[%emt 0:00:47]} 30. Qf5+ {[%emt 0:01:28]} Qg6 {[%emt 0:00:05]} 31. Qe5 {[%emt 0:00:02]} c3 {[%emt 0:00:35]} 32. Nh4 {[%emt 0:01:06]} Qg5 {[%emt 0:06:27]} 33. Qxc3 {[%emt 0:01:10]} Qe7 {[%emt 0:00:44]} 34. Nf5 {[%emt 0:00:10]} 1-0

[Event "European Online Club-ch-F 2021"]
[Site "Online"]
[Date "2021.03.27"]
[Round "8.6"]
[White "Apaydin, Fethi"]
[Black "Amin, Bassem"]
[Result "1-0"]
[WhiteElo "2260"]
[BlackElo "2695"]
[Annotator "ChessBase"]
[PlyCount "115"]
[EventDate "2021.03.27"]
[EventType "team-tourn"]
[EventCountry "NET"]
[SourceTitle "playchess.com"]
[Source "ChessBase"]
[SourceQuality "1"]
[TimeControl "900+5"]

1. e4 {[%emt 0:00:00]} e5 {[%emt 0:00:03]} 2. Nc3 {[%emt 0:00:07]} Nc6 {[%emt 0:00:03]} 3. g3 {[%emt 0:00:31]} f5 {[%emt 0:00:54]} 4. exf5 {[%emt 0:00:20]} Nf6 {[%emt 0:00:01]} 5. d3 {[%emt 0:00:48]} d5 {[%emt 0:00:06]} 6. Bh3 {[%emt 0:00:42]} Bc5 {[%emt 0:00:32]} 7. Nf3 {[%emt 0:00:35]} O-O {[%emt 0:00:25]} 8. O-O {[%emt 0:00:07]} h6 {[%emt 0:00:54]} 9. Nh4 {[%emt 0:02:03]} Nd4 {[%emt 0:00:21]} 10. Ne2 {[%emt 0:00:17]} Nc6 {[%emt 0:01:02]} 11. c3 {[%emt 0:00:26]} Bd6 {[%emt 0:00:56]} 12. d4 {[%emt 0:01:21]} e4 {[%emt 0:00:07]} 13. Ng6 {[%emt 0:00:28]} Rf7 {[%emt 0:00:38]} 14. Nef4 {[%emt 0:00:06]} Ne7 {[%emt 0:00:23]} 15. Ne5 {[%emt 0:00:32]} Rf8 {[%emt 0:01:46]} 16. g4 {[%emt 0:00:07]} c6 {[%emt 0:00:18]} 17. f3 {[%emt 0:01:14]} Qc7 {[%emt 0:00:52]} 18. fxe4 {[%emt 0:00:07]} Nxe4 {[%emt 0:00:16]} 19. Nfd3 {[%emt 0:00:09]} b6 {[%emt 0:00:17]} 20. Bf4 {[%emt 0:00:55]} Ba6 {[%emt 0:00:08]} 21. Re1 {[%emt 0:00:54]} Rae8 {[%emt 0:00:48]} 22. Bg2 {[%emt 0:00:09]} c5 {[%emt 0:00:10]} 23. Nf2 {[%emt 0:00:16]} Nxf2 {[%emt 0:00:54]} 24. Kxf2 {[%emt 0:00:02]} Bb7 {[%emt 0:00:34]} 25. Kg1 {[%emt 0:00:09]} g5 {[%emt 0:01:25]} 26. Bg3 {[%emt 0:00:09]} Kg7 {[%emt 0:00:03]} 27. Qd2 {[%emt 0:00:05]} Ng8 {[%emt 0:00:08]} 28. h4 {[%emt 0:00:58]} gxh4 {[%emt 0:00:17]} 29. Bxh4 {[%emt 0:00:27]} Bxe5 {[%emt 0:00:11]} 30. dxe5 {[%emt 0:00:21]} Rxe5 {[%emt 0:00:01]} 31. Bg3 {[%emt 0:00:07]} Rxe1+ {[%emt 0:00:06]} 32. Qxe1 {[%emt 0:00:01]} Qf7 {[%emt 0:00:14]} 33. Be5+ {[%emt 0:00:08]} Kh7 {[%emt 0:00:19]} 34. Qg3 {[%emt 0:00:24]} Ne7 {[%emt 0:00:35]} 35. Rf1 {[%emt 0:00:25]} Rg8 {[%emt 0:00:04]} 36. Qh4 {[%emt 0:00:29]} Qf8 {[%emt 0:01:08]} 37. Bf6 {[%emt 0:00:28]} Rxg4 {[%emt 0:00:24]} 38. Qxg4 {[%emt 0:00:19]} Qxf6 {[%emt 0:00:02]} 39. Re1 {[%emt 0:00:02]} Nxf5 {[%emt 0:00:20]} 40. Rf1 {[%emt 0:00:15]} Bc8 {[%emt 0:00:04]} 41. Bxd5 {[%emt 0:00:11]} Qg7 {[%emt 0:00:14]} 42. Qxg7+ {[%emt 0:00:20]} Kxg7 {[%emt 0:00:00]} 43. Re1 {[%emt 0:00:07]} Kf6 {[%emt 0:00:17]} 44. Re8 {[%emt 0:00:02]} Ne7 {[%emt 0:00:04]} 45. Bf3 {[%emt 0:00:11]} Be6 {[%emt 0:00:09]} 46. Ra8 {[%emt 0:00:07]} Bxa2 {[%emt 0:00:06]} 47. Rxa7 {[%emt 0:00:02]} Be6 {[%emt 0:00:05]} 48. Ra6 {[%emt 0:00:08]} Nc8 {[%emt 0:00:06]} 49. Bb7 {[%emt 0:00:04]} Nd6 {[%emt 0:00:06]} 50. Rxb6 {[%emt 0:00:10]} Ke5 {[%emt 0:00:04]} 51. b4 {[%emt 0:00:17]} c4 {[%emt 0:00:09]} 52. Ba6 {[%emt 0:00:14]} Ne4 {[%emt 0:00:04]} 53. Rc6 {[%emt 0:00:16]} Bd5 {[%emt 0:00:04]} 54. Rc8 {[%emt 0:00:03]} Nd6 {[%emt 0:00:05]} 55. Rc7 {[%emt 0:00:04]} h5 {[%emt 0:00:03]} 56. Kh2 {[%emt 0:00:03]} Ke4 {[%emt 0:00:07]} 57. b5 {[%emt 0:00:04]} Ne8 {[%emt 0:00:06]} 58. Re7+ {[%emt 0:00:02]} 1-0

[Event "European Online Club-ch-F 2021"]
[Site "Online"]
[Date "2021.03.27"]
[Round "8.7"]
[White "Van Wely, Loek"]
[Black "Ozturk, Efe Hakan"]
[Result "1-0"]
[WhiteElo "2620"]
[BlackElo "2030"]
[Annotator "ChessBase"]
[PlyCount "139"]
[EventDate "2021.03.27"]
[EventType "team-tourn"]
[EventCountry "NET"]
[SourceTitle "playchess.com"]
[Source "ChessBase"]
[SourceQuality "1"]
[TimeControl "900+5"]

1. d4 {[%emt 0:00:00]} Nf6 {[%emt 0:00:04]} 2. c4 {[%emt 0:00:04]} e6 {[%emt 0:00:01]} 3. Nf3 {[%emt 0:00:03]} Bb4+ {[%emt 0:00:02]} 4. Nbd2 {[%emt 0:00:03]} b6 {[%emt 0:00:10]} 5. a3 {[%emt 0:00:03]} Bxd2+ {[%emt 0:00:12]} 6. Qxd2 {[%emt 0:00:02]} Bb7 {[%emt 0:00:07]} 7. e3 {[%emt 0:00:02]} O-O {[%emt 0:00:25]} 8. Be2 {[%emt 0:00:02]} d6 {[%emt 0:00:07]} 9. O-O {[%emt 0:00:03]} Nbd7 {[%emt 0:00:03]} 10. b4 {[%emt 0:00:01]} Qe7 {[%emt 0:01:27]} 11. Bb2 {[%emt 0:00:06]} c5 {[%emt 0:00:46]} 12. Rfd1 {[%emt 0:00:24]} Rfd8 {[%emt 0:00:41]} 13. dxc5 {[%emt 0:02:07]} dxc5 {[%emt 0:00:16]} 14. Qc3 {[%emt 0:00:03]} Nf8 {[%emt 0:01:56]} 15. Nd2 {[%emt 0:00:48]} Ng6 {[%emt 0:01:14]} 16. f3 {[%emt 0:01:07]} Ne8 {[%emt 0:01:44]} 17. Nf1 {[%emt 0:01:26]} f6 {[%emt 0:01:55]} 18. Ng3 {[%emt 0:00:23]} Rac8 {[%emt 0:00:19]} 19. b5 {[%emt 0:02:21]} Nd6 {[%emt 0:01:54]} 20. a4 {[%emt 0:00:14]} a5 {[%emt 0:00:15]} 21. bxa6 {[%emt 0:00:47]} Bxa6 {[%emt 0:00:03]} 22. a5 {[%emt 0:00:13]} Qb7 {[%emt 0:01:12]} 23. axb6 {[%emt 0:00:58]} Qxb6 {[%emt 0:00:03]} 24. Qc2 {[%emt 0:00:31]} Ne7 {[%emt 0:01:16]} 25. Rdb1 {[%emt 0:02:04]} Qc6 {[%emt 0:00:10]} 26. Qa4 {[%emt 0:00:12]} Ra8 {[%emt 0:00:21]} 27. Qc2 {[%emt 0:00:31]} Bb7 {[%emt 0:00:14]} 28. Kf2 {[%emt 0:00:14]} Rxa1 {[%emt 0:00:06]} 29. Rxa1 {[%emt 0:00:12]} Ra8 {[%emt 0:00:01]} 30. Rd1 {[%emt 0:00:06]} Rd8 {[%emt 0:00:18]} 31. Ba3 {[%emt 0:00:16]} Nf7 {[%emt 0:00:06]} 32. Rxd8+ {[%emt 0:00:31]} Nxd8 {[%emt 0:00:01]} 33. Ne4 {[%emt 0:00:02]} Ng6 {[%emt 0:00:10]} 34. Nxc5 {[%emt 0:00:10]} Ba8 {[%emt 0:00:05]} 35. Qa4 {[%emt 0:00:14]} Qxa4 {[%emt 0:00:04]} 36. Nxa4 {[%emt 0:00:01]} Ne5 {[%emt 0:00:02]} 37. f4 {[%emt 0:00:41]} Nd7 {[%emt 0:00:03]} 38. Nc5 {[%emt 0:00:11]} Nxc5 {[%emt 0:00:07]} 39. Bxc5 {[%emt 0:00:00]} Kf7 {[%emt 0:00:02]} 40. Bb6 {[%emt 0:00:09]} Nc6 {[%emt 0:00:09]} 41. Bf3 {[%emt 0:00:04]} Ke7 {[%emt 0:00:03]} 42. Bc5+ {[%emt 0:00:18]} Kd7 {[%emt 0:00:04]} 43. g4 {[%emt 0:00:05]} Bb7 {[%emt 0:00:05]} 44. h4 {[%emt 0:00:23]} Ba6 {[%emt 0:00:04]} 45. Bf8 {[%emt 0:00:04]} Bxc4 {[%emt 0:00:08]} 46. Bxg7 {[%emt 0:00:03]} f5 {[%emt 0:00:04]} 47. g5 {[%emt 0:00:02]} Ne7 {[%emt 0:00:05]} 48. h5 {[%emt 0:00:04]} Ke8 {[%emt 0:00:04]} 49. Bf6 {[%emt 0:00:08]} Kf7 {[%emt 0:00:07]} 50. Bxe7 {[%emt 0:00:12]} Kxe7 {[%emt 0:00:01]} 51. Ke1 {[%emt 0:00:02]} e5 {[%emt 0:00:07]} 52. h6 {[%emt 0:00:08]} exf4 {[%emt 0:00:04]} 53. exf4 {[%emt 0:00:06]} Bf7 {[%emt 0:00:03]} 54. Kd2 {[%emt 0:00:03]} Kd6 {[%emt 0:00:02]} 55. Kc3 {[%emt 0:00:04]} Kc5 {[%emt 0:00:01]} 56. Bd1 {[%emt 0:00:03]} Be8 {[%emt 0:00:07]} 57. Bb3 {[%emt 0:00:05]} Bh5 {[%emt 0:00:05]} 58. Be6 {[%emt 0:00:04]} Bg6 {[%emt 0:00:02]} 59. Bg8 {[%emt 0:00:02]} Kd6 {[%emt 0:00:03]} 60. Kd4 {[%emt 0:00:01]} Ke7 {[%emt 0:00:03]} 61. Ke5 {[%emt 0:00:02]} Kf8 {[%emt 0:00:01]} 62. Be6 {[%emt 0:00:03]} Ke7 {[%emt 0:00:14]} 63. Bxf5 {[%emt 0:00:02]} Bxf5 {[%emt 0:00:03]} 64. Kxf5 {[%emt 0:00:02]} Kf7 {[%emt 0:00:01]} 65. g6+ {[%emt 0:00:05]} Kg8 {[%emt 0:00:18]} 66. Kf6 {[%emt 0:00:08]} Kh8 {[%emt 0:00:05]} 67. f5 {[%emt 0:00:04]} Kg8 {[%emt 0:00:04]} 68. gxh7+ {[%emt 0:00:03]} Kxh7 {[%emt 0:00:02]} 69. Ke7 {[%emt 0:00:02]} Kxh6 {[%emt 0:00:02]} 70. f6 {[%emt 0:00:02]} 1-0

[Event "European Online Club-ch-F 2021"]
[Site "Online"]
[Date "2021.03.27"]
[Round "8.8"]
[White "Camlar, Arda"]
[Black "Hamdouchi, Hicham"]
[Result "0-1"]
[WhiteElo "1934"]
[BlackElo "2561"]
[Annotator "ChessBase"]
[PlyCount "76"]
[EventDate "2021.03.27"]
[EventType "team-tourn"]
[EventCountry "NET"]
[SourceTitle "playchess.com"]
[Source "ChessBase"]
[SourceQuality "1"]
[TimeControl "900+5"]

1. e4 {[%emt 0:00:00]} c5 {[%emt 0:00:03]} 2. Nc3 {[%emt 0:00:04]} Nc6 {[%emt 0:00:06]} 3. g3 {[%emt 0:00:02]} g6 {[%emt 0:00:03]} 4. Bg2 {[%emt 0:00:02]} Bg7 {[%emt 0:00:01]} 5. d3 {[%emt 0:00:01]} d6 {[%emt 0:00:02]} 6. f4 {[%emt 0:00:03]} Nh6 {[%emt 0:00:03]} 7. Nf3 {[%emt 0:00:14]} O-O {[%emt 0:00:04]} 8. O-O {[%emt 0:00:03]} Bd7 {[%emt 0:00:07]} 9. h3 {[%emt 0:00:19]} f5 {[%emt 0:00:01]} 10. Qe2 {[%emt 0:00:42]} Nd4 {[%emt 0:00:36]} 11. Nxd4 {[%emt 0:01:16]} cxd4 {[%emt 0:00:04]} 12. Nd1 {[%emt 0:00:07]} Rc8 {[%emt 0:01:06]} 13. c4 {[%emt 0:00:57]} dxc3 {[%emt 0:00:11]} 14. Nxc3 {[%emt 0:00:03]} e6 {[%emt 0:01:27]} 15. Kh2 {[%emt 0:00:26]} b5 {[%emt 0:00:09]} 16. Nd1 {[%emt 0:01:23]} Qb6 {[%emt 0:01:25]} 17. g4 {[%emt 0:00:31]} fxg4 {[%emt 0:01:29]} 18. hxg4 {[%emt 0:00:05]} Qd8 {[%emt 0:00:06]} 19. Ne3 {[%emt 0:01:02]} Rxf4 {[%emt 0:01:23]} 20. Rxf4 {[%emt 0:00:16]} Be5 {[%emt 0:00:02]} 21. Nc4 {[%emt 0:01:27]} bxc4 {[%emt 0:00:04]} 22. d4 {[%emt 0:00:03]} Bxd4 {[%emt 0:00:08]} 23. Rf1 {[%emt 0:00:34]} Qh4+ {[%emt 0:01:15]} 24. Bh3 {[%emt 0:00:10]} c3 {[%emt 0:00:38]} 25. Bxh6 {[%emt 0:01:01]} Qxh6 {[%emt 0:00:18]} 26. g5 {[%emt 0:01:45]} Qh4 {[%emt 0:02:01]} 27. Qf3 {[%emt 0:00:37]} cxb2 {[%emt 0:00:06]} 28. Rad1 {[%emt 0:00:12]} Bg7 {[%emt 0:00:57]} 29. Kh1 {[%emt 0:01:03]} Rf8 {[%emt 0:00:14]} 30. Qd3 {[%emt 0:00:12]} Be5 {[%emt 0:01:59]} 31. Rxf8+ {[%emt 0:00:16]} Kxf8 {[%emt 0:00:02]} 32. Rf1+ {[%emt 0:00:17]} Ke7 {[%emt 0:00:03]} 33. Qf3 {[%emt 0:00:24]} Qf4 {[%emt 0:00:13]} 34. Qxf4 {[%emt 0:00:12]} Bxf4 {[%emt 0:00:02]} 35. Rb1 {[%emt 0:00:03]} Bc1 {[%emt 0:00:01]} 36. Bf1 {[%emt 0:00:02]} Bc6 {[%emt 0:00:11]} 37. Bd3 {[%emt 0:00:03]} d5 {[%emt 0:00:01]} 38. exd5 {[%emt 0:00:03]} Bxd5+ {[%emt 0:00:02]} 0-1

[Event "European Online Club-ch-F 2021"]
[Site "Online"]
[Date "2021.03.27"]
[Round "8.9"]
[White "Moiseenko, Alexander"]
[Black "Sochacki, Christophe"]
[Result "1-0"]
[WhiteElo "2620"]
[BlackElo "2477"]
[Annotator "ChessBase"]
[PlyCount "115"]
[EventDate "2021.03.27"]
[EventType "team-tourn"]
[EventCountry "NET"]
[SourceTitle "playchess.com"]
[Source "ChessBase"]
[SourceQuality "1"]
[TimeControl "900+5"]

1. d4 {[%emt 0:00:00]} d6 {[%emt 0:00:26]} 2. e4 {[%emt 0:00:04]} g6 {[%emt 0:00:36]} 3. Nc3 {[%emt 0:00:06]} Bg7 {[%emt 0:00:05]} 4. Be3 {[%emt 0:00:05]} a6 {[%emt 0:00:02]} 5. Qd2 {[%emt 0:00:03]} b5 {[%emt 0:00:02]} 6. Bd3 {[%emt 0:01:06]} Nd7 {[%emt 0:00:07]} 7. a4 {[%emt 0:00:06]} b4 {[%emt 0:00:04]} 8. Nce2 {[%emt 0:00:22]} c5 {[%emt 0:00:06]} 9. c3 {[%emt 0:00:02]} bxc3 {[%emt 0:00:12]} 10. bxc3 {[%emt 0:00:02]} Bb7 {[%emt 0:00:06]} 11. Nf3 {[%emt 0:00:18]} cxd4 {[%emt 0:00:06]} 12. cxd4 {[%emt 0:00:02]} Nc5 {[%emt 0:00:06]} 13. Ng3 {[%emt 0:01:14]} Nxd3+ {[%emt 0:04:12]} 14. Qxd3 {[%emt 0:00:03]} a5 {[%emt 0:00:29]} 15. Qb5+ {[%emt 0:02:36]} Qd7 {[%emt 0:00:02]} 16. Qxd7+ {[%emt 0:00:20]} Kxd7 {[%emt 0:00:02]} 17. Rb1 {[%emt 0:01:27]} Bc6 {[%emt 0:00:35]} 18. Nd2 {[%emt 0:00:04]} d5 {[%emt 0:01:31]} 19. O-O {[%emt 0:01:09]} Nf6 {[%emt 0:01:22]} 20. e5 {[%emt 0:00:04]} Ng4 {[%emt 0:00:08]} 21. Nb3 {[%emt 0:00:04]} Nxe3 {[%emt 0:02:32]} 22. fxe3 {[%emt 0:00:04]} Bh6 {[%emt 0:00:11]} 23. Nc5+ {[%emt 0:00:33]} Kc8 {[%emt 0:00:31]} 24. Kf2 {[%emt 0:00:34]} Rb8 {[%emt 0:00:57]} 25. Ne2 {[%emt 0:00:40]} f6 {[%emt 0:00:11]} 26. e6 {[%emt 0:00:05]} Rxb1 {[%emt 0:00:24]} 27. Rxb1 {[%emt 0:00:04]} Kc7 {[%emt 0:00:01]} 28. Nc3 {[%emt 0:00:08]} Ra8 {[%emt 0:00:08]} 29. Nb5+ {[%emt 0:00:24]} Kd8 {[%emt 0:00:27]} 30. Nc3 {[%emt 0:00:21]} Kc7 {[%emt 0:00:02]} 31. Ke2 {[%emt 0:00:01]} f5 {[%emt 0:00:02]} 32. Nb5+ {[%emt 0:00:20]} Kd8 {[%emt 0:00:02]} 33. g3 {[%emt 0:00:17]} Bg7 {[%emt 0:00:02]} 34. Nc3 {[%emt 0:00:20]} Kc7 {[%emt 0:00:02]} 35. Kd2 {[%emt 0:00:07]} h5 {[%emt 0:00:02]} 36. h4 {[%emt 0:00:05]} Bf6 {[%emt 0:00:22]} 37. Nb5+ {[%emt 0:00:01]} Kd8 {[%emt 0:00:17]} 38. Nd3 {[%emt 0:00:04]} Ra6 {[%emt 0:00:47]} 39. Nf4 {[%emt 0:00:06]} g5 {[%emt 0:00:01]} 40. Nxh5 {[%emt 0:00:09]} gxh4 {[%emt 0:00:25]} 41. Nxf6 {[%emt 0:00:03]} exf6 {[%emt 0:00:10]} 42. gxh4 {[%emt 0:00:02]} Ke7 {[%emt 0:00:09]} 43. Nc3 {[%emt 0:00:24]} Kxe6 {[%emt 0:00:16]} 44. h5 {[%emt 0:00:09]} f4 {[%emt 0:00:06]} 45. exf4 {[%emt 0:00:05]} Ra8 {[%emt 0:00:13]} 46. Rb6 {[%emt 0:00:09]} Kd7 {[%emt 0:00:01]} 47. Nb5 {[%emt 0:01:06]} Rh8 {[%emt 0:00:03]} 48. Ra6 {[%emt 0:00:07]} Rxh5 {[%emt 0:00:03]} 49. Rxa5 {[%emt 0:00:07]} Rh4 {[%emt 0:00:06]} 50. Ra7+ {[%emt 0:00:05]} Ke6 {[%emt 0:00:08]} 51. Ra6 {[%emt 0:00:40]} Kd7 {[%emt 0:00:01]} 52. Na7 {[%emt 0:00:02]} Bb7 {[%emt 0:00:11]} 53. Rxf6 {[%emt 0:00:02]} Ke7 {[%emt 0:00:00]} 54. Rb6 {[%emt 0:00:05]} Ba8 {[%emt 0:00:05]} 55. Rb8 {[%emt 0:00:05]} Rxf4 {[%emt 0:00:02]} 56. Ke3 {[%emt 0:00:06]} Rf8 {[%emt 0:00:14]} 57. Nc8+ {[%emt 0:00:05]} Kd7 {[%emt 0:00:07]} 58. Nb6+ {[%emt 0:00:06]} 1-0

[Event "European Online Club-ch-F 2021"]
[Site "Online"]
[Date "2021.03.27"]
[Round "8.10"]
[White "Maatoug, Redwan"]
[Black "Fridman, Daniel"]
[Result "0-1"]
[WhiteElo "2202"]
[BlackElo "2601"]
[Annotator "ChessBase"]
[PlyCount "142"]
[EventDate "2021.03.27"]
[EventType "team-tourn"]
[EventCountry "NET"]
[SourceTitle "playchess.com"]
[Source "ChessBase"]
[SourceQuality "1"]
[TimeControl "900+5"]

1. e4 {[%emt 0:00:00]} c6 {[%emt 0:00:08]} 2. f4 {[%emt 0:00:11]} d5 {[%emt 0:00:04]} 3. e5 {[%emt 0:00:02]} h5 {[%emt 0:00:13]} 4. Nf3 {[%emt 0:00:08]} Nh6 {[%emt 0:00:02]} 5. d4 {[%emt 0:01:20]} g6 {[%emt 0:00:04]} 6. Bd3 {[%emt 0:00:04]} Bf5 {[%emt 0:00:09]} 7. Bxf5 {[%emt 0:01:11]} Nxf5 {[%emt 0:00:00]} 8. e6 {[%emt 0:00:01]} f6 {[%emt 0:00:02]} 9. O-O {[%emt 0:00:12]} Qd6 {[%emt 0:00:02]} 10. c4 {[%emt 0:00:14]} Qxe6 {[%emt 0:00:17]} 11. Nc3 {[%emt 0:01:13]} Qd7 {[%emt 0:00:12]} 12. Qb3 {[%emt 0:02:27]} e6 {[%emt 0:00:04]} 13. Re1 {[%emt 0:00:04]} Kf7 {[%emt 0:00:02]} 14. Be3 {[%emt 0:00:13]} Na6 {[%emt 0:01:04]} 15. Bf2 {[%emt 0:00:05]} Bd6 {[%emt 0:00:48]} 16. g3 {[%emt 0:00:14]} Rab8 {[%emt 0:00:09]} 17. Re2 {[%emt 0:00:17]} b5 {[%emt 0:00:24]} 18. cxb5 {[%emt 0:00:38]} cxb5 {[%emt 0:00:07]} 19. Rae1 {[%emt 0:00:02]} Nc7 {[%emt 0:00:07]} 20. Kg2 {[%emt 0:00:27]} a5 {[%emt 0:04:23]} 21. h3 {[%emt 0:01:11]} Ne7 {[%emt 0:01:44]} 22. Nd1 {[%emt 0:00:48]} a4 {[%emt 0:00:17]} 23. Qe3 {[%emt 0:00:05]} Bb4 {[%emt 0:00:19]} 24. Rf1 {[%emt 0:00:04]} Nf5 {[%emt 0:00:02]} 25. Qd3 {[%emt 0:00:02]} Nd6 {[%emt 0:00:14]} 26. Bg1 {[%emt 0:00:06]} Ne4 {[%emt 0:00:15]} 27. Nf2 {[%emt 0:00:03]} Nxf2 {[%emt 0:00:07]} 28. Rexf2 {[%emt 0:00:06]} Bd6 {[%emt 0:00:16]} 29. Ne5+ {[%emt 0:01:00]} Bxe5 {[%emt 0:00:02]} 30. fxe5 {[%emt 0:00:01]} f5 {[%emt 0:00:02]} 31. Rc2 {[%emt 0:00:25]} Na6 {[%emt 0:00:08]} 32. Rfc1 {[%emt 0:00:13]} Rb7 {[%emt 0:00:15]} 33. a3 {[%emt 0:00:08]} Rc7 {[%emt 0:01:24]} 34. Rxc7 {[%emt 0:00:56]} Nxc7 {[%emt 0:00:00]} 35. Qc3 {[%emt 0:00:05]} Na8 {[%emt 0:00:15]} 36. Qc5 {[%emt 0:00:20]} Rb8 {[%emt 0:00:06]} 37. Be3 {[%emt 0:00:25]} Nb6 {[%emt 0:00:06]} 38. Qc7 {[%emt 0:00:33]} Rb7 {[%emt 0:00:06]} 39. Qxd7+ {[%emt 0:00:24]} Rxd7 {[%emt 0:00:04]} 40. Rc5 {[%emt 0:00:42]} Nc4 {[%emt 0:00:04]} 41. Bc1 {[%emt 0:00:03]} Rb7 {[%emt 0:00:03]} 42. Rc8 {[%emt 0:00:04]} b4 {[%emt 0:00:17]} 43. Rh8 {[%emt 0:00:34]} Kg7 {[%emt 0:00:07]} 44. Ra8 {[%emt 0:00:02]} Nb6 {[%emt 0:01:39]} 45. Ra6 {[%emt 0:00:29]} b3 {[%emt 0:00:16]} 46. Bd2 {[%emt 0:00:18]} Kf7 {[%emt 0:00:03]} 47. Kf2 {[%emt 0:00:18]} Ke7 {[%emt 0:00:23]} 48. Ba5 {[%emt 0:00:08]} Nc4 {[%emt 0:00:03]} 49. Bc3 {[%emt 0:00:01]} Nxa3 {[%emt 0:00:18]} 50. bxa3 {[%emt 0:00:15]} b2 {[%emt 0:00:02]} 51. Bxb2 {[%emt 0:00:02]} Rxb2+ {[%emt 0:00:02]} 52. Kf3 {[%emt 0:00:06]} Rb3+ {[%emt 0:00:04]} 53. Kf4 {[%emt 0:00:01]} g5+ {[%emt 0:00:21]} 54. Kxg5 {[%emt 0:00:04]} Rxg3+ {[%emt 0:00:00]} 55. Kxh5 {[%emt 0:00:04]} Rxh3+ {[%emt 0:00:02]} 56. Kg5 {[%emt 0:00:02]} Rg3+ {[%emt 0:00:00]} 57. Kf4 {[%emt 0:00:05]} Rxa3 {[%emt 0:00:00]} 58. Ra7+ {[%emt 0:00:02]} Kd8 {[%emt 0:00:17]} 59. Kg5 {[%emt 0:00:01]} Kc8 {[%emt 0:00:38]} 60. Kf6 {[%emt 0:00:21]} f4 {[%emt 0:00:02]} 61. Kxe6 {[%emt 0:00:03]} f3 {[%emt 0:00:01]} 62. Kxd5 {[%emt 0:00:05]} f2 {[%emt 0:00:14]} 63. Rf7 {[%emt 0:00:02]} Ra2 {[%emt 0:00:01]} 64. e6 {[%emt 0:00:01]} Re2 {[%emt 0:00:05]} 65. Kd6 {[%emt 0:00:07]} a3 {[%emt 0:00:02]} 66. e7 {[%emt 0:00:15]} a2 {[%emt 0:00:30]} 67. Rxf2 {[%emt 0:00:02]} a1=Q {[%emt 0:00:04]} 68. Rxe2 {[%emt 0:00:01]} Qxd4+ {[%emt 0:00:02]} 69. Ke6 {[%emt 0:00:16]} Qc4+ {[%emt 0:00:00]} 70. Kf6 {[%emt 0:00:03]} Qxe2 {[%emt 0:00:01]} 71. Kf7 {[%emt 0:00:01]} Kd7 {[%emt 0:00:02]} 0-1

[Event "European Online Club-ch-F 2021"]
[Site "Online"]
[Date "2021.03.27"]
[Round "8.13"]
[White "Kovalev, Vladislav"]
[Black "Hellers, Ferdinand"]
[Result "1-0"]
[WhiteElo "2648"]
[BlackElo "2592"]
[Annotator "ChessBase"]
[PlyCount "87"]
[EventDate "2021.03.27"]
[EventType "team-tourn"]
[EventCountry "NET"]
[SourceTitle "playchess.com"]
[Source "ChessBase"]
[SourceQuality "1"]
[TimeControl "900+5"]

1. e4 {[%emt 0:00:00]} Nf6 {[%emt 0:00:08]} 2. e5 {[%emt 0:00:02]} Nd5 {[%emt 0:00:02]} 3. d4 {[%emt 0:00:01]} d6 {[%emt 0:00:02]} 4. Nf3 {[%emt 0:00:00]} g6 {[%emt 0:00:02]} 5. Bc4 {[%emt 0:00:05]} Nb6 {[%emt 0:00:02]} 6. Bb3 {[%emt 0:00:01]} Bg7 {[%emt 0:00:02]} 7. Ng5 {[%emt 0:01:30]} e6 {[%emt 0:00:03]} 8. Qf3 {[%emt 0:00:01]} Qe7 {[%emt 0:00:04]} 9. Ne4 {[%emt 0:00:06]} dxe5 {[%emt 0:00:07]} 10. Bg5 {[%emt 0:00:05]} Qb4+ {[%emt 0:00:02]} 11. c3 {[%emt 0:00:02]} Qa5 {[%emt 0:00:03]} 12. Bf6 {[%emt 0:00:15]} O-O {[%emt 0:00:13]} 13. Bxg7 {[%emt 0:00:01]} Kxg7 {[%emt 0:00:02]} 14. Qf6+ {[%emt 0:00:01]} Kg8 {[%emt 0:00:02]} 15. Qxe5 {[%emt 0:00:00]} Qxe5 {[%emt 0:00:03]} 16. dxe5 {[%emt 0:00:00]} a5 {[%emt 0:00:18]} 17. a4 {[%emt 0:00:48]} N8d7 {[%emt 0:01:09]} 18. f4 {[%emt 0:00:04]} Nd5 {[%emt 0:00:03]} 19. g3 {[%emt 0:00:55]} b6 {[%emt 0:00:23]} 20. Nbd2 {[%emt 0:00:05]} Bb7 {[%emt 0:00:02]} 21. O-O-O {[%emt 0:01:26]} Rad8 {[%emt 0:01:35]} 22. Rhe1 {[%emt 0:00:05]} Kg7 {[%emt 0:03:15]} 23. Nf3 {[%emt 0:00:11]} h6 {[%emt 0:02:46]} 24. Rd2 {[%emt 0:00:05]} Nc5 {[%emt 0:00:20]} 25. Bc2 {[%emt 0:01:37]} Ne7 {[%emt 0:00:21]} 26. Nxc5 {[%emt 0:02:39]} Bxf3 {[%emt 0:00:07]} 27. Nd7 {[%emt 0:00:53]} Rh8 {[%emt 0:00:12]} 28. Nf6 {[%emt 0:00:01]} Rxd2 {[%emt 0:00:35]} 29. Kxd2 {[%emt 0:00:00]} Rd8+ {[%emt 0:00:02]} 30. Ke3 {[%emt 0:00:10]} Bc6 {[%emt 0:00:27]} 31. g4 {[%emt 0:01:04]} Nd5+ {[%emt 0:01:39]} 32. Nxd5 {[%emt 0:00:02]} Bxd5 {[%emt 0:00:11]} 33. Rd1 {[%emt 0:00:05]} Rg8 {[%emt 0:01:09]} 34. Be4 {[%emt 0:01:10]} c6 {[%emt 0:00:13]} 35. Rd4 {[%emt 0:02:15]} c5 {[%emt 0:01:17]} 36. Rd2 {[%emt 0:00:04]} Bb3 {[%emt 0:00:01]} 37. Rd6 {[%emt 0:00:03]} Rb8 {[%emt 0:00:06]} 38. Bc6 {[%emt 0:00:01]} Bc4 {[%emt 0:00:02]} 39. h4 {[%emt 0:00:18]} b5 {[%emt 0:00:13]} 40. b3 {[%emt 0:01:06]} Bxb3 {[%emt 0:00:44]} 41. Bxb5 {[%emt 0:00:02]} g5 {[%emt 0:00:08]} 42. fxg5 {[%emt 0:00:03]} hxg5 {[%emt 0:00:02]} 43. h5 {[%emt 0:00:00]} f6 {[%emt 0:00:05]} 44. Rd7+ {[%emt 0:00:06]} 1-0